Historia social del movimiento obrero europeo / (Registro nro. 19666)

Detalles MARC
000 -LEADER
campo de control de longitud fija 00886nam a2200253 i 4500
001 - NÚMERO DE CONTROL
campo de control 19666
003 - IDENTIFICADOR DE NÚMERO DE CONTROL
campo de control ES-MaACL
005 - FECHA Y HORA DE LA ÚLTIMA TRANSACCIÓN
campo de control 20230906152138.0
007 - CAMPO FIJO DE DESCRIPCIÓN FÍSICA--INFORMACIÓN GENERAL
campo de control de longitud fija t|
008 - DATOS DE LONGITUD FIJA--INFORMACIÓN GENERAL
campo de control de longitud fija 021007s1970 sp ||||1| spa d
100 1# - ENTRADA PRINCIPAL--NOMBRE DE PERSONA
Nombre de persona Abendroth, Wolfgang,
9 (RLIN) 18084
245 10 - MENCIÓN DEL TÍTULO
Título Historia social del movimiento obrero europeo /
Mención de responsabilidad, etc. Wolfgang Abendroth ; introducción de Borja de Piquer ; traducción de Justo Pérez del Corral ; revisión de Ignasi Riera.
250 ## - MENCION DE EDICION
Mención de edición 2ª ed. rev.
260 ## - PUBLICACIÓN, DISTRIBUCIÓN, ETC.
Lugar de publicación, distribución, etc. Barcelona :
Nombre del editor, distribuidor, etc. Estela,
Fecha de publicación, distribución, etc. 1970.
300 ## - DESCRIPCIÓN FÍSICA
Extensión 184 p. ;
Dimensiones 19 cm.
490 1# - MENCIÓN DE SERIE
Mención de serie Ediciones de bolsillo ;
Designación de volumen o secuencia 7
650 00 - PUNTO DE ACCESO ADICIONAL DE MATERIA--TÉRMINO DE MATERIA
Término de materia o nombre geográfico como elemento de entrada Movimiento obrero-
Subdivisión de forma Historia.
9 (RLIN) 15217
700 1# - ENTRADA AGREGADA--NOMBRE PERSONAL
Nombre de persona Piquer, Borja de.
9 (RLIN) 92323
700 1# - ENTRADA AGREGADA--NOMBRE PERSONAL
Nombre de persona Pérez del Corral, Justo.
9 (RLIN) 90818
700 1# - ENTRADA AGREGADA--NOMBRE PERSONAL
Nombre de persona Riera, Ignasi (
Fechas asociadas al nombre 1940-)
9 (RLIN) 97104
830 1# - PUNTO DE ACCESO ADICIONAL DE SERIE-TÍTULO UNIFORME
Título uniforme Ediciones de bolsillo ;
Designación de volumen o secuencia 7
9 (RLIN) 180756
852 ## - LOCALIZACIÓN
Ubicación ES-MaACL
Número de control de estantería C-46455
Existencias
Estatus retirado Estado de pérdida Estado de daño No para préstamo Biblioteca de origen Biblioteca actual Ubicación en estantería Fecha de adquisición Fuente de adquisición Total de préstamos Signatura topográfica completa Código de barras Visto por última vez Precio de reemplazo Tipo de ítem Koha
        Biblioteca del Ateneo de Madrid Biblioteca del Ateneo de Madrid Depósito 2 17/01/2008     C-46455 1020131 23/02/2023 23/02/2023 Libro impreso